00362nam a22000977a 4500040000900000082001200009100002400021245004400045300001200089505016300101 cNUST a954,WIL aWilliams, Rushbrook aIndia in 1924--25 /cWilliams Rushbrook a435 p.; aExternal Relations (Page-1), The Citizen and the State (Page-47), Economics (Page-116), Some Foundation Problems (Page-229), Parties and Politics (Page-293).